Wszyscy przewodniczący klubu parlamentarnego Po i Ko - Statystyki

Ogólne statystyki
  • Ten quiz został rozwiązany 17 razy
  • Średni wynik to 7 z 15
Statystyki odpowiedzi
lata przewodniczący % Poprawnych
2019-2020 Borys Budka
100%
2021-2023 Borys Budka
100%
2003 Donald Tusk
100%
2005-2006 Donald Tusk
100%
2009-2010 Grzegorz Schetyna
73%
2001-2003 Maciej Płażyński
55%
2003-2005 Jan Rokita
45%
2023-teraz Zbigniew Konwiński
45%
2015-2019 Sławomir Neumann
36%
2007-2009 Zbigniew Chlebowski
36%
2020-2021 Cezary Tomczyk
18%
2006-2007 Bogdan Zdrojewski
9%
2011-2015 Rafał Grupiński
9%
2010-2011 Tomasz Tomczykiewicz
9%
2009 Grzegorz Dolniak
0%
Nie znaleziono quizów pasujących do podanych kryteriów
Rozkład punktacji
Procent ludzi z każdym wynikiem
Percentyl według liczby udzielonych odpowiedzi
Twoja historia wyników
Nie rozwiązałeś tego quizu